| 000 | 00836nam a2200193 i 4500 | ||
|---|---|---|---|
| 001 | 184989 | ||
| 003 | ES-MaACL | ||
| 005 | 20250826070548.0 | ||
| 008 | 160303s1917 be |||| | fre d | ||
| 245 | 0 | 3 |
_aLe Travail forcé des ouvriers belges en Allemagne _b: réponse d'un syndicaliste belge à un "travailleur allemand" se disant auteur de la brochure "An die Arbeiter der neutralen Laender / _cavec préface de Emile Vandervelde et de Henri Heyman. |
| 260 |
_aLe Havre : _bBureau Documentaire Belge, _c[1917?] |
||
| 300 |
_a32-VIII p. ; _c22 cm. |
||
| 650 | 0 | 4 |
_aGuerra mundial, 1914-1918- _xPrisioneros- _zAlemania. _913226 |
| 650 | 7 |
_aTrabajo forzado- _zAlemania _2 _9158939 |
|
| 700 | 1 |
_aVandervelde, Émile. _9113067 |
|
| 700 | 1 |
_aHeyman, Henri. _9158938 |
|
| 852 |
_aES-MaACL _j1560-F-14 |
||
| 999 |
_c184989 _d184989 |
||